Music Quiz

Random Music or Classical Quiz

Classical Composers by 3 words (EASY) Quiz Stats

 Plays Quiz not verified by Sporcle

Score 0/25 Timer 10:00
0 Plays Today
% Correct
Richard Wagner
70.5%
George Gershwin
70.3%
Wolfgang Amadeuz Mozart
68.2%
John Williams
66.5%
Maurice Ravel
65.3%
Antonio Vivaldi
64.6%
Gustav Holst
64.6%
Antonin Dvorak
63.9%
Frederic Chopin
60.8%
Edward Elgar
59%
Johann Sebastian Bach
58.7%
Georges Bizet
58.5%
Ludwig van Beethoven
57.8%
% Correct
Johann Pachelbel
57.5%
Dmitri Shostakovich
57.3%
Claude Debussy
55.2%
John Cage
55.2%
Modest Mussorsky
52.4%
Pyotr Ilyich Tchaikovsky
52.1%
George Fridrich Handel
48.1%
Franz Joseph Haydn
48.1%
Henry Purcell
42.2%
Robert Schumann
41.7%
Camille Saint-Saens
36.6%
Johannes Brahms
34.2%

You're not logged in!

Compare scores with friends on all Sporcle quizzes.
OR
Log In

You Might Also Like...

Show Comments

Extras

Top Quizzes Today


Score Distribution

Your Account Isn't Verified!

In order to create a playlist on Sporcle, you need to verify the email address you used during registration. Go to your Sporcle Settings to finish the process.

Report this User

Report this user for behavior that violates our Community Guidelines.

Details: